Fundamentals of database systems (Record no. 9916)
[ view plain ]
| 000 -LEADER | |
|---|---|
| fixed length control field | 00484 a2200169 4500 |
| 020 ## - INTERNATIONAL STANDARD BOOK NUMBER | |
| International Standard Book Number | 0321369572 |
| 020 ## - INTERNATIONAL STANDARD BOOK NUMBER | |
| International Standard Book Number | 0321122267 |
| 040 ## - CATALOGING SOURCE | |
| Original cataloging agency | DLC |
| Language of cataloging | DLC |
| 100 1# - MAIN ENTRY--PERSONAL NAME | |
| Personal name | Elmasri, Ramez. |
| 245 10 - TITLE STATEMENT | |
| Title | Fundamentals of database systems |
| Statement of responsibility, etc. | Ramez Elmasri, Shamkant B. Navathe. |
| 250 ## - EDITION STATEMENT | |
| Edition statement | 5th ed. |
| 260 ## - PUBLICATION, DISTRIBUTION, ETC. | |
| Place of publication, distribution, etc. | New Delhi : |
| Name of publisher, distributor, etc. | Pearson Education, |
| Date of publication, distribution, etc. | c2007. |
| 300 ## - PHYSICAL DESCRIPTION | |
| Extent | xxxii, 1143 p. : |
| Other physical details | ill. ; |
| Dimensions | 25 cm. |
| 650 #0 - SUBJECT ADDED ENTRY--TOPICAL TERM | |
| Topical term or geographic name entry element | Database management. |
| 700 1# - ADDED ENTRY--PERSONAL NAME | |
| Personal name | Navathe, Sham. |
| 942 ## - ADDED ENTRY ELEMENTS (KOHA) | |
| Koha item type | Book |
| Call number prefix | 005.74 ELM |
| Source of classification or shelving scheme | |
| Withdrawn status | Lost status | Damaged status | Not for loan | Collection code | Permanent Location | Current Location | Shelving location | Date acquired | Source of acquisition | Cost, normal purchase price | Total Checkouts | Total Renewals | Full call number | Barcode | Date last seen | Date last checked out | Price effective from | Koha item type | Checked out | Source of classification or shelving scheme |
|---|---|---|---|---|---|---|---|---|---|---|---|---|---|---|---|---|---|---|---|---|
| Central Library (CL) | Central Library (CL) | First Floor - Databases | 03/15/2010 | Star Book | 517.50 | 7 | 2 | 005.74 ELM | SEECS010034 | 11/26/2020 | 10/27/2020 | 01/05/2017 | Book | |||||||
| Central Library (CL) | Central Library (CL) | First Floor - Databases | 03/15/2010 | Star Book | 517.50 | 7 | 005.74 ELM | SEECS010033 | 01/30/2019 | 12/26/2018 | 01/05/2017 | Book | ||||||||
| Central Library (CL) | Central Library (CL) | First Floor - Databases | 03/24/2010 | Allied Book Company | 517.50 | 10 | 3 | 005.74 ELM | SEECS010087 | 06/04/2024 | 01/29/2024 | 01/05/2017 | Book | |||||||
| Central Library (CL) | Central Library (CL) | First Floor - Databases | 03/24/2010 | Allied Book Company | 517.50 | 6 | 3 | 005.74 ELM | SEECS010086 | 11/23/2020 | 09/25/2019 | 01/05/2017 | Book | |||||||
| Central Library (CL) | Central Library (CL) | First Floor - Databases | 03/24/2010 | Allied Book Company | 517.50 | 10 | 2 | 005.74 ELM | SEECS010085 | 02/06/2025 | 02/06/2025 | 01/05/2017 | Book | 03/08/2025 | ||||||
| Central Library (CL) | Central Library (CL) | 03/18/2024 | 005.74 ELM | QRCODE-10035 | 03/18/2024 | 03/18/2024 | Book | |||||||||||||
| NUST Law School (NLS) | NUST Law School (NLS) | First Floor - Databases | 03/15/2010 | Star Book | 517.50 | 4 | 2 | 005.74 ELM | SEECS010035 | 05/04/2023 | 09/23/2019 | 01/05/2017 | Book |
